Nobody Does It Better - Carly Simon lyrics - Statistics

General Stats
  • This quiz has been taken 17 times
  • The average score is 139 of 156
Answer Stats
Answer % Correct
as
100%
baby
100%
be
100%
best
100%
better
100%
but
100%
do
100%
do?
100%
does
100%
good
100%
good?
100%
half
100%
I
100%
it
100%
me
100%
nobody
100%
so
100%
the
100%
to
100%
you
100%
your
100%
you're
100%
feel
93%
for
93%
from
93%
have
93%
love
93%
makes
93%
sad
93%
some
93%
way
93%
who
93%
why'd
93%
loved
86%
quite
86%
rest
86%
above
79%
all
79%
found
79%
hold
79%
just
79%
keep
79%
like
79%
lookin'
79%
somehow
79%
spy
79%
that
79%
things
79%
tried
79%
wasn't
79%
hide
71%
my
71%
of
71%
there's
71%
whenever
71%
and
64%
coming
64%
could
64%
heaven
64%
is
64%
keepin'
64%
magic
64%
safe
64%
secrets
64%
tonight
64%
inside
57%
keeps
57%
kind
57%
learn
57%
running
57%
sometimes
57%
wish
57%
how'd
50%
darlin'
43%
someone
43%
though
43%
light
36%
No matching quizzes found
Score Distribution
Percent of People with Each Score
Percentile by Number Answered
Your Score History
You have not taken this quiz